| 000 | 00631nam a2200205 a 4500 | ||
|---|---|---|---|
| 005 | 20140310183546.0 | ||
| 008 | 111028s19uu xx 00 eng d | ||
| 020 | _a9780071276245 | ||
| 050 |
_aHC 79.E5 _b.F54 2009 |
||
| 100 | _aField, Barry C. | ||
| 245 |
_aEnvironmental economics : _ban introduction / _cBarry C. Field, Martha K. Field. |
||
| 250 | _aInternational ed. | ||
| 260 |
_aNew York : _bMcGraw-Hill, _c2009. |
||
| 300 |
_a493 p. : _c24 cm. |
||
| 650 | _aEnvironmental economics | ||
| 650 |
_aEconomic development _xEnvironmental aspects |
||
| 700 | _aField, Martha K. | ||
| 942 |
_cBK _2lcc _kFOR |
||
| 999 |
_c24873 _d24873 |
||